[Event "Millionaire Chess Open 2016"]
[Site "Atlantic City, NJ"]
[Date "2016.10.06"]
[Round "1.5"]
[White "Wang, Qibiao"]
[Black "Xiong, Jeffery"]
[Result "0-1"]
[BlackElo "2647"]
[WhiteElo "2311"]
[LiveChessVersion "1.4.8"]

1. d4 {[%clk 2:00:00]} Nf6 {[%clk 2:00:00]} 2. Nf3 {[%clk 2:00:00]} g6
{[%clk 1:57:03]} 3. Bf4 {[%clk 1:54:13]} Bg7 {[%clk 1:56:47]} 4. e3 d6
{[%clk 1:56:15]} 5. h3 {[%clk 1:53:39]} O-O {[%clk 1:55:32]} 6. Be2
{[%clk 1:53:35]} c5 {[%clk 1:49:59]} 7. c3 {[%clk 1:52:14]} Qb6 {[%clk 1:46:04]}
8. Qc1 {[%clk 1:47:10]} Bf5 {[%clk 1:44:03]} 9. Nbd2 {[%clk 1:45:19]} Nbd7
{[%clk 1:33:20]} 10. Nh4 {[%clk 1:32:43]} Be6 {[%clk 1:32:12]} 11. O-O
{[%clk 1:31:11]} Rac8 {[%clk 1:26:17]} 12. Qb1 {[%clk 1:24:17]} cxd4
{[%clk 1:22:18]} 13. exd4 {[%clk 1:23:12]} Nd5 {[%clk 1:16:23]} 14. Bg3
{[%clk 1:19:42]} Bh6 {[%clk 1:15:01]} 15. f4 {[%clk 1:06:09]} Ne3
{[%clk 1:06:35]} 16. Rf3 {[%clk 0:58:36]} Nf5 {[%clk 1:03:07]} 17. Bf2
{[%clk 0:50:17]} Nxh4 {[%clk 1:02:23]} 18. Bxh4 {[%clk 0:50:17]} Bd5
{[%clk 0:58:58]} 19. Rf2 {[%clk 0:44:48]} e5 {[%clk 0:55:38]} 20. Bg5
{[%clk 0:18:43]} Bxg5 {[%clk 0:45:31]} 21. fxg5 {[%clk 0:18:43]} exd4
{[%clk 0:45:31]} 22. c4 {[%clk 0:17:53]} Be6 {[%clk 0:43:22]} 23. Qe4
{[%clk 0:15:34]} Bf5 {[%clk 0:34:08]} 24. Qh4 {[%clk 0:13:27]} d3
{[%clk 0:32:04]} 25. Bf3 {[%clk 0:11:38]} Rce8 {[%clk 0:29:13]} 26. g4
{[%clk 0:05:45]} Be6 {[%clk 0:26:50]} 27. Ne4 {[%clk 0:04:15]} Bxc4
{[%clk 0:25:58]} 28. Kg2 {[%clk 0:02:00]} Bd5 {[%clk 0:23:01]} 29. Nf6+
{[%clk 0:01:25]} Nxf6 {[%clk 0:23:01]} 30. gxf6 {[%clk 0:01:25]} Bxf3+
{[%clk 0:22:47]} 31. Kxf3 {[%clk 0:00:32]} Qd4 {[%clk 0:20:51]} 32. Kg2
{[%clk 0:00:16]} Re2 {[%clk 0:20:32]} 33. Raf1 {[%clk 0:00:11]} Rfe8
{[%clk 0:20:08]} 34. Kh1 {[%clk 0:30:00]} 0-1

[Event "Millionaire Chess Open 2016"]
[Site "Atlantic City, NJ"]
[Date "2016.10.06"]
[Round "1.11"]
[White "Wilson, Elvin"]
[Black "Akobian, Varuzhan"]
[Result "0-1"]
[BlackElo "2625"]
[WhiteElo "2277"]
[LiveChessVersion "1.4.8"]

1. c4 {[%clk 2:00:00]} e5 {[%clk 1:59:37]} 2. g3 {[%clk 1:59:57]} Nc6
{[%clk 1:58:01]} 3. Bg2 {[%clk 1:59:50]} h5 {[%clk 1:53:53]} 4. h4
{[%clk 1:54:00]} Nf6 {[%clk 1:49:56]} 5. Nc3 {[%clk 1:52:38]} Bc5
{[%clk 1:48:58]} 6. a3 {[%clk 1:47:08]} d6 {[%clk 1:43:17]} 7. d3
{[%clk 1:31:06]} Ng4 {[%clk 1:38:55]} 8. e3 {[%clk 1:29:07]} a6 {[%clk 1:38:40]}
9. Nge2 {[%clk 1:26:42]} Ba7 {[%clk 1:38:09]} 10. b4 {[%clk 1:18:47]} Rb8
{[%clk 1:33:45]} 11. Rb1 {[%clk 1:08:09]} Ne7 {[%clk 1:28:51]} 12. d4
{[%clk 0:51:21]} c6 {[%clk 1:12:08]} 13. f3 {[%clk 0:38:21]} exd4
{[%clk 1:08:24]} 14. exd4 {[%clk 0:38:08]} Nh6 {[%clk 1:07:52]} 15. Bf4
{[%clk 0:26:03]} Ng6 {[%clk 1:00:41]} 16. Bg5 {[%clk 0:25:31]} f6
{[%clk 1:00:33]} 17. Be3 {[%clk 0:25:12]} Be6 {[%clk 0:59:27]} 18. c5
{[%clk 0:23:54]} Nf5 {[%clk 0:59:07]} 19. Bf2 {[%clk 0:23:11]} Qd7
{[%clk 0:53:12]} 20. d5 {[%clk 0:16:52]} cxd5 {[%clk 0:51:39]} 21. Nxd5
{[%clk 0:16:46]} dxc5 {[%clk 0:51:23]} 22. Ndf4 {[%clk 0:15:33]} Nxf4
{[%clk 0:49:08]} 23. Nxf4 {[%clk 0:13:20]} Bc4 {[%clk 0:22:18]} 24. Qxd7+
{[%clk 0:11:53]} Kxd7 {[%clk 0:22:05]} 25. Bh3 {[%clk 0:11:38]} Rhe8+
{[%clk 0:22:02]} 26. Kd2 {[%clk 0:11:09]} Re5 {[%clk 0:19:42]} 27. Rhe1
{[%clk 0:08:48]} Kd6 {[%clk 0:06:43]} 28. bxc5+ {[%clk 0:04:27]} Bxc5
{[%clk 0:06:38]} 29. Rxe5 {[%clk 0:04:08]} fxe5 {[%clk 0:06:32]} 30. Bxc5+
{[%clk 0:03:57]} Kxc5 {[%clk 0:06:32]} 31. Nxh5 {[%clk 0:03:57]} Rd8+
{[%clk 0:05:35]} 32. Ke1 {[%clk 0:03:55]} Nd4 {[%clk 0:04:50]} 33. Rxb7
{[%clk 0:03:40]} Nxf3+ {[%clk 0:04:24]} 34. Kf2 {[%clk 0:03:40]} Bd5
{[%clk 0:01:34]} 35. Rxg7 {[%clk 0:03:40]} Rb8 {[%clk 0:01:30]} 36. Nf6
{[%clk 0:03:01]} Rb2+ {[%clk 0:01:16]} 37. Ke3 {[%clk 0:03:01]} Rb3+
{[%clk 0:01:00]} 38. Kf2 {[%clk 0:03:01]} Rb2+ {[%clk 0:00:17]} 39. Ke3
{[%clk 0:02:57]} Rb3+ {[%clk 0:00:09]} 40. Kf2 {[%clk 0:01:55]} Bc6
{[%clk 0:00:08]} 41. h5 {[%clk 0:29:53]} Kd4 {[%clk 0:19:42]} 42. Bd7
{[%clk 0:22:32]} Rb2+ {[%clk 0:18:57]} 43. Kf1 {[%clk 0:22:32]} Nh2+
{[%clk 0:14:10]} 44. Ke1 {[%clk 0:21:37]} Bf3 {[%clk 0:13:35]} 45. Ng4
{[%clk 0:17:21]} Rb1+ {[%clk 0:10:29]} 46. Kd2 {[%clk 0:17:19]} Nf1+
{[%clk 0:10:29]} 47. Nf2 0-1

[Event "Millionaire Chess Open 2016"]
[Site "Atlantic City, NJ"]
[Date "2016.10.07"]
[Round "4.12"]
[White "Stripunsky, Alexander"]
[Black "Della Morte, Pablo"]
[Result "1-0"]
[BlackElo "2337"]
[WhiteElo "2548"]
[LiveChessVersion "1.4.8"]

1. e4 {[%clk 1:59:19]} c5 {[%clk 1:46:47]} 2. c3 {[%clk 1:57:47]} Nf6
{[%clk 1:43:21]} 3. e5 {[%clk 1:57:32]} Nd5 {[%clk 1:43:17]} 4. Nf3
{[%clk 1:57:30]} e6 {[%clk 1:43:11]} 5. Bc4 {[%clk 1:57:12]} d6 {[%clk 1:42:41]}
6. d4 {[%clk 1:55:29]} cxd4 {[%clk 1:41:48]} 7. cxd4 {[%clk 1:55:29]} Nc6
{[%clk 1:40:37]} 8. O-O {[%clk 1:55:25]} Be7 {[%clk 1:40:22]} 9. exd6
{[%clk 1:55:11]} Bxd6 {[%clk 1:37:58]} 10. Re1 {[%clk 1:53:15]} O-O
{[%clk 1:37:09]} 11. Nc3 {[%clk 1:53:10]} b6 {[%clk 1:19:58]} 12. Bg5
{[%clk 1:34:52]} Be7 {[%clk 1:15:56]} 13. Bxd5 {[%clk 1:29:54]} exd5
{[%clk 1:15:15]} 14. Qa4 {[%clk 1:25:41]} Bxg5 {[%clk 0:58:18]} 15. Qxc6
{[%clk 1:24:18]} Be6 {[%clk 0:58:12]} 16. Nxg5 {[%clk 1:21:11]} Qxg5
{[%clk 0:58:12]} 17. Re3 {[%clk 1:17:04]} Qf4 {[%clk 0:48:53]} 18. Ne2
{[%clk 1:11:41]} Qg5 {[%clk 0:44:47]} 19. Re5 {[%clk 1:04:35]} Qh4
{[%clk 0:39:15]} 20. Qc3 {[%clk 0:57:59]} Rac8 {[%clk 0:38:49]} 21. Qd2
{[%clk 0:57:39]} Rc6 {[%clk 0:25:00]} 22. Rc1 {[%clk 0:54:09]} Rfc8
{[%clk 0:20:06]} 23. Rxc6 {[%clk 0:52:12]} Rxc6 {[%clk 0:20:06]} 24. Nf4
{[%clk 0:49:45]} Qd8 {[%clk 0:14:24]} 25. h3 {[%clk 0:48:24]} h6 {[%clk 0:13:29]}
26. Qe3 {[%clk 0:43:26]} Qd7 {[%clk 0:12:56]} 27. g4 {[%clk 0:39:35]} Rd6
{[%clk 0:10:13]} 28. Kh2 {[%clk 0:24:23]} Rc6 {[%clk 0:09:37]} 29. Kg2
{[%clk 0:23:40]} Rd6 {[%clk 0:09:30]} 30. b3 {[%clk 0:22:20]} Rc6
{[%clk 0:09:18]} 31. Qe2 {[%clk 0:18:05]} Rd6 {[%clk 0:08:44]} 32. Re3
{[%clk 0:14:50]} Rc6 {[%clk 0:07:47]} 33. a4 {[%clk 0:13:30]} a5 {[%clk 0:05:14]}
34. Rg3 {[%clk 0:09:53]} Qc7 {[%clk 0:03:38]} 35. Qe3 {[%clk 0:09:23]} Qd8
{[%clk 0:02:52]} 36. Qe5 {[%clk 0:03:07]} Qc7 {[%clk 0:02:36]} 37. Qxc7
{[%clk 0:02:21]} Rxc7 {[%clk 0:02:36]} 38. Re3 {[%clk 0:02:04]} Rc6
{[%clk 0:02:35]} 39. Kg3 {[%clk 0:01:48]} g5 {[%clk 0:01:16]} 40. Ne2
{[%clk 0:00:32]} f6 {[%clk 0:00:32]} 41. f4 {[%clk 0:29:22]} Kf7 {[%clk 0:28:02]}
42. f5 {[%clk 0:24:56]} Bd7 {[%clk 0:27:12]} 43. Nc3 {[%clk 0:24:55]} Rd6
{[%clk 0:26:50]} 44. h4 {[%clk 0:24:53]} Be8 {[%clk 0:25:09]} 45. hxg5
{[%clk 0:24:40]} hxg5 {[%clk 0:24:58]} 46. Kf2 {[%clk 0:24:40]} Bd7
{[%clk 0:21:47]} 47. Ke2 {[%clk 0:24:39]} Be8 {[%clk 0:18:47]} 48. Kd2
{[%clk 0:24:16]} Bd7 {[%clk 0:17:49]} 49. Rh3 {[%clk 0:24:13]} Kg7
{[%clk 0:16:38]} 50. Rh1 {[%clk 0:24:12]} Be8 {[%clk 0:15:55]} 51. Rb1
{[%clk 0:21:02]} Kf7 {[%clk 0:14:07]} 52. b4 {[%clk 0:20:14]} axb4
{[%clk 0:13:35]} 53. Rxb4 {[%clk 0:20:14]} Ke7 {[%clk 0:11:55]} 54. Rxb6
{[%clk 0:19:37]} Bc6 {[%clk 0:05:20]} 55. a5 {[%clk 0:19:11]} Kd7
{[%clk 0:05:11]} 56. Kc2 {[%clk 0:18:16]} Kc7 {[%clk 0:04:37]} 57. Kb3
{[%clk 0:18:12]} Rd8 {[%clk 0:04:06]} 58. Kb4 {[%clk 0:17:05]} Ra8
{[%clk 0:03:45]} 59. Nb5+ {[%clk 0:17:02]} Kd7 {[%clk 0:01:06]} 60. a6
{[%clk 0:16:22]} Rh8 {[%clk 0:00:54]} 61. a7 {[%clk 0:15:06]} Ra8
{[%clk 0:00:07]} 62. Rb8 {[%clk 0:15:01]} Ke8 1-0

[Event "Millionaire Chess Open 2016"]
[Site "Atlantic City, NJ"]
[Date "2016.10.08"]
[Round "5.17"]
[White "Brendel, Oliver"]
[Black "Troff, Kayden W"]
[Result "0-1"]
[BlackElo "2501"]
[WhiteElo "2333"]
[LiveChessVersion "1.4.8"]

1. d4 Nf6 2. c4 g6 3. f3 Nh5 4. g4 e5 5. Be3 Ng7 6. dxe5 Nc6 7. Nc3 Be7 8. Nh3
Nxe5 9. Qd4 Bh4+ 10. Nf2 d6 11. Nce4 f5 12. f4 Ne6 13. Qc3 fxe4 14. fxe5 O-O 15.
Bg2 Nf4 16. Bxe4 Bxg4 17. exd6 Qxd6 18. Qd4 Qxd4 19. Bxd4 Rae8 20. Bxb7 Rxe2+ 21.
Kf1 Bxf2 0-1

[Event "Millionaire Chess Open 2016"]
[Site "Atlantic City, NJ"]
[Date "2016.10.09"]
[Round "7.20"]
[White "Gorovets, Andrey"]
[Black "Sinanan, Joshua C"]
[Result "1-0"]
[BlackElo "2162"]
[WhiteElo "2543"]
[LiveChessVersion "1.4.8"]

1. d4 Nf6 2. c4 e6 3. Nc3 Bb4 4. e3 O-O 5. Nge2 d5 6. a3 Be7 7. cxd5 exd5 8. Nf4
Re8 9. Bd3 c6 10. O-O Nbd7 11. Bc2 Nf8 12. f3 Ne6 13. e4 Nxf4 14. Bxf4 Be6 15. e5
Nh5 16. Be3 g6 17. g4 Ng7 18. Ne2 f5 19. Nf4 Qd7 20. h3 Rf8 21. Qd3 Rf7 22. Rf2
Raf8 23. Raf1 Bh4 24. Rg2 Be7 25. g5 Rd8 26. h4 Rff8 27. h5 Bf7 28. hxg6 Bxg6 29.
Kf2 Nh5 30. Nxg6 hxg6 31. Rh1 Kg7 32. Rgh2 Qe8 33. f4 Qf7 34. Qb3 Rb8 35. Bd1 Rh8
36. Bd2 Rh7 37. Bxh5 Rxh5 38. Rxh5 gxh5 39. Bb4 Rh8 40. e6 Qe8 41. Qe3 Bxb4 42.
Qe5+ 1-0